| Поле | Инд. | ПП | Название | Значение |
|---|---|---|---|---|
| Тип записи | a | |||
| Библиографический уровень | m | |||
| 001 | Контрольный номер | RU/IS/BASE/264550266 | ||
| 005 | Дата корректировки | 20250422150746.7 | ||
| 008 | Кодируемые данные | 19950705 | ||
| 040 | 00 | e | Правила каталог. | Л 950705 |
| 084 | a | Индекс другой классификации/Индекс ББК | 87.3(4Вел)4-401; 87.3(4Вел)43-8Мор Т.; 66.1(4Вел)4 | |
| 090 | 00 | a | Полочн. индекс | 87.3(4Вел)4-401 испр. |
| x | Авторский знак | М 79 | ||
| 097 | 00 | a | 230 | |
| 100 | 10 | a | Автор | Мор Т. |
| q | Полное имя | Мор Томас | ||
| 245 | 00 | a | Заглавие | Утопия |
| c | Ответственность | перевод с латинского Ю. М. Каган; комментарии Ю. М. Каган, И. Н. Осиновского; вступительная статья И. Н. Осиновского | ||
| 246 | 01 | a | Другая форма заглавия | Золотая книга, столь же полезная, как забавная, о наилучшем устройстве государства и о новом его острове Утопии |
| 260 | 00 | a | Место издания | Москва |
| b | Издательство | Наука | ||
| c | Дата издания | 1978 | ||
| 300 | 00 | a | Объем | 416 с. |
| 336 | a | Термин вида содержания | Текст | |
| 337 | a | Термин типа средства | непосредственный | |
| 440 | 00 | a | Серия | Предшественники научного социализма |
| 500 | a | Примечание | Серия основана в 1947 году В. П. Волгиным | |
| 504 | a | Библиография | Прил.: с. 281-336. - Коммент.: с. 337-403. - Сокр.: с. 404. - Указ. имен: с. 405-410. - Предм. указ.: с. 411-414 | |
| 600 | 14 | a | Персоналии | Мор Томас |
| 650 | 04 | a | Основная рубрика | история философии |
| a | Основная рубрика | философия | ||
| 653 | 00 | a | Ключевые слова | XV век |
| a | Ключевые слова | XVI век | ||
| a | Ключевые слова | абсолютная монархия | ||
| a | Ключевые слова | Великобритания | ||
| a | Ключевые слова | государство | ||
| a | Ключевые слова | гуманизм | ||
| a | Ключевые слова | история политических учений | ||
| a | Ключевые слова | мировоззрение | ||
| a | Ключевые слова | социально-политическая мысль | ||
| a | Ключевые слова | средние века | ||
| a | Ключевые слова | утопизм | ||
| a | Ключевые слова | утопический социализм | ||
| a | Ключевые слова | частная собственность | ||
| 700 | 10 | a | Автор | Осиновский И. Н. |
| e | Роль лиц | автор вступительной статьи; автор комментариев | ||
| 700 | 10 | a | Автор | Каган Ю. М. |
| e | Роль лиц | переводчик; автор комментариев | ||
| 787 | 18 | w | Контрольный номер связываемой записи | RU/IS/BASE/171551347 |
| w | Контрольный номер связываемой записи | RU/IS/BASE/101484456 | ||
| w | Контрольный номер связываемой записи | RU/IS/BASE/103052840 | ||
| 901 | t | Тип документа | m | |
| 952 | a | Тип литературы для КСУ ВШ | НАУ |